| 000 | 00712nam a2200241 i 4500 | ||
|---|---|---|---|
| 001 | 106419 | ||
| 003 | ES-MaACL | ||
| 005 | 20250710062727.0 | ||
| 007 | t| | ||
| 008 | 061114s1973 fr ||||1| fre d | ||
| 080 | _a811.131.1'36 | ||
| 100 | 1 |
_aGenot, Gérard. _956328 |
|
| 245 | 1 | 0 |
_aGrammaire de l'italien / _cpar Gérard Genot. |
| 250 | _a1er. ed. | ||
| 260 |
_aParis : _bPresses Universitaires de France, _c1973. |
||
| 300 |
_a126 p. ; _c18 cm. |
||
| 490 | 1 |
_aQue sais-je? ; _v1513 |
|
| 500 | _aBiblioteca Jacinto Martínez Lacalle. | ||
| 650 | 1 | 4 |
_aLengua italiana- _xGramática. _914290 |
| 830 | 0 | 0 |
_aQue sais-je? _v1513 _9180931 |
| 852 |
_aES-MaACL _jE-11395 _bR.139145 |
||
| 999 |
_c106419 _d106419 |
||